napoleon dynamite quiz - Statistics

General Stats
  • This quiz has been taken 242 times
    165 since last reset
  • The average score is 8 of 15
Answer Stats
Hint Answer % Correct
What is the name of Napoleon's grandma's lama tina
84%
Who does Pedro make a pinata after Summer
83%
Who does Napoleon play tether ball with Deb
77%
What does Kip do all day online chat rooms
74%
What is Napoleon's favorite food Tater tots
74%
Who does Napoleon take to the dance trisha
64%
What does Napoleon rip off Kip in a fight mole
61%
What is the name of Kips girlfriend Lafawnduh
53%
Where does rico live van
53%
What club is Napoleon in happy hands club
50%
How far does Rico say he can throw a football a quarter of a mile
40%
What kind of pictires does deb take glamour shots
36%
What song does Napoleon dance to at Pedro's election speech canned heat
33%
What is the name of the farmer who is Kip's priest at the wedding lyle
28%
What does Rico go door to door selling tupperware
10%
No matching quizzes found
Score Distribution
Percent of People with Each Score
Percentile by Number Answered
Your Score History
You have not taken this quiz since the last reset